Statystyki dla Eurowizja 2023 (Finał)

Kliknij tutaj aby rozwiązać quiz!

Ogólne statystyki

  • Ten quiz został rozwiązany 466 razy
  • Średni wynik to 18 z 26

Statystyki odpowiedzi

MiejscePaństwoPunkty% Poprawnych
1.Szwecja583
99%
2.Finlandia526
97%
3.Izrael382
91%
4.Włochy350
85%
19.Polska93
84%
26.Niemcy18
83%
5.Norwegia268
81%
25.Wielka Brytania24
72%
6.Ukraina243
70%
16.Francja104
65%
13.Chorwacja123
64%
8.Estonia168
64%
7.Belgia182
63%
10.Czechy129
61%
17.Hiszpania100
60%
9.Australia151
59%
15.Austria120
58%
11.Litwa127
58%
23.Portugalia59
58%
24.Serbia30
58%
21.Słowenia78
58%
20.Szwajcaria92
58%
14.Armenia122
55%
12.Cypr126
55%
18.Mołdawia96
54%
22.Albania76
51%

Rozkład punktacji

Percentyl według liczby udzielonych odpowiedzi

Procent ludzi z każdym wynikiem

Twoja historia wyników

Nie rozwiązałeś tego quizu